000 00719nam a2200253Ia 4500
003 OSt
005 20220918164724.0
006 a|||||r|||| 00| 0
007 ta
008 220917b |||||||| |||| 00| 0 eng d
020 _a0717800989 (hbk)
024 _a244,726
037 _cTextual
040 _aARTS
_cARTS
_beng
041 _2eng
_aeng
082 _aV58:21xM70:3, G9;L4
100 _aLenin V. I.
_920291
245 0 _aImperialism the highest stage of capitalism
_b A popular outline
260 _aNew York
_bInternational Publishers U.S.A
_c1974
300 _a128p.
_ccm.
650 _aHISTORY
942 _hV58:21xM70:3, G9;L4
_cTEXL
_2CC
999 _c126173
_d126173